| 000 | 00727nam a2200217 a 4500 | ||
|---|---|---|---|
| 003 | DO-SdBNP | ||
| 005 | 20220831155209.0 | ||
| 007 | ta | ||
| 008 | 220831e1974 dr a|||gr||||s001 0 spa d | ||
| 040 |
_aDO-SdBNP _bspa _cBNPHU |
||
| 082 | 4 |
_222 _bR426j |
|
| 110 |
_aRepública Dominicana _bEjército Nacional "Todo por la Patria" _982163 |
||
| 245 | 1 | _aReglamento de uniformes del Ejército Nacional. / | |
| 260 |
_a[Santo Domingo] : _bE. N., _c1974 |
||
| 300 |
_a118 [6] p. : _bil. ; _c25 cm |
||
| 590 | _aInventariado 2022 / MF | ||
| 650 | 4 |
_945892 _aEjércitio Nacional _xReglamento Uniformes _y1974 _zRepública Dominicana |
|
| 710 | 4 |
_958697 _aEjercito Nacional (República Dominicana). |
|
| 910 | _aMFeliz | ||
| 942 |
_2ddc _cLBS1 |
||
| 999 |
_c52354 _d52354 |
||